National Anthem of Canada - "O' Canada" - Statistics

General Stats
  • This quiz has been taken 58 times
  • The average score is 45 of 63
Answer Stats
Answer % Correct
Canada!
100%
O'
100%
and
91%
home
91%
land!
91%
Our
91%
native
89%
True
86%
love
83%
patriot
83%
all
80%
command.
80%
we
77%
glowing
74%
hearts
74%
in
74%
North
74%
of
74%
see
74%
the
74%
True
74%
With
74%
and
71%
free!
71%
rise,
71%
strong
71%
thee
71%
us
71%
and
66%
and
66%
Canada,
66%
Canada,
66%
Canada,
66%
far
66%
for
66%
for
66%
for
66%
free!
66%
From
66%
glorious
66%
God
66%
guard
66%
guard
66%
guard
66%
keep
66%
land
66%
O'
66%
O'
66%
O'
66%
on
66%
on
66%
our
66%
stand
66%
stand
66%
stand
66%
thee.
66%
thee.
66%
thee.
66%
we
66%
we
66%
we
66%
wide,
66%
on
63%
No matching quizzes found
Score Distribution
Percent of People with Each Score
Percentile by Number Answered
Your Score History
You have not taken this quiz